zpět

Detail výsledku týmu

D9vítka, Šumperk

Datum a čas kvízu

41 Celkem bodů Celkový počet nahraných bodů na tomto kvízu bez doplňovacích otázek.
1. Pořadí na kvízu Konečné umístění týmu na tomto kvízu.

Zaznamenané odpovědi

# Otázka Odpověď Body Výsledky
1. V Rokycanech podal minulý týde... členy Ku-klux-klanu 1
2. Německý turista neuspěl se svo... C 1
3. Na snímku vidíme umělce jménem... Banksy 1
4. Jak se jmenuje nový moderátor... Martin Řezníček 1
5. České reprezentantky si v kval... o basketbal 1
1. Vítězné téma „vražedně“ těsnéh... Hercule Poirot 1
2. Fiktivní detektiv třetí třídy... Ed McBain, New York 0
3. Přiřaďte autory severských det... 1D 2B 3A 4C 1
4. Pán ohně, Čtvrtá oběť, Sál smr... Peter May, Čína 0
5. Jednou z nejúspěšnějších český... Zmizela v mlze (Norsko), Ostrov šedých mnichů (Nizozemsko) 0